000 00616nam a2200241Ia 4500
003 OSt
005 20221007095031.0
006 a|||||r|||| 00| 0
007 ta
008 221006b |||||||| |||| 00| 0 eng d
024 _a694
037 _cTextual
040 _aLCO
_cLCO
_beng
041 _2eng
_aeng
082 _aZ, N6
100 _aPOLAK A.L.
_9700703
245 0 _aFinal Legal Fictions
260 _aDelhi
_bUniversal Law Publishing Company India
_c1998
300 _a117
650 _aFINAL LEGAL FICTIONS
_9700704
942 _hZ, N6
_cTEXL
999 _c1170257
_d1170257